| 000 | 00632nab a2200217 a 4500 | ||
|---|---|---|---|
| 005 | 20210219161758.0 | ||
| 008 | 991125s1985 mx 000 0 spa u | ||
| 035 | _aUPN01000191658 | ||
| 222 | _aPSICOLOGIA IBEROAMERICANA | ||
| 245 | _aValidez divergente y convergente del instrumento de autoeficacia al tratamiento en diabetes | ||
| 260 | _aMéxico | ||
| 300 | _a58-65 | ||
| 362 | 0 | _a2010 Vol. 20, no. 2, jul.-dic. | |
| 653 | 0 | _aAUTOEFICACIA | |
| 653 | 0 | _aDIABETES | |
| 653 | 0 | _aVALIDEZ CONVERGENTE | |
| 653 | 0 | _aVALIDEZ DIVERGENTE | |
| 700 | 1 | _aDel Castillo Arreola, Arturo, | |
| 700 | 1 | _ecoaut. | |
| 905 | _aArticulo | ||
| 999 |
_c163761 _d163761 |
||